000 00426nam a2200181Ia 4500
001 4920
005 20260306145830.0
008 260306t2005||||xx |||||||||||||| ||spa||
041 _aESP
082 _a331.2107
_bS747
100 _aColegio de Bachilleres
_eAUT
245 0 _aSistemas de remuneración
260 _c2005
300 _av.s pƔginas :
_c23 cm.
650 _aGEN
654 _aCAN
942 _cLIB
_dJUS
_fJUS
_2ddc
_n
999 _c4920
_d4920